000
00407nam a2200169Ia 4500
008
090711s9999 xx 000 0 und d
082
_b
24915
100
_a
आपटे ना. ह.
245
_a
भुरळ
260
_c
1970
300
_a
112
600
_a
आपटे ना. ह.
630
_a
भुरळ
700
_a
आपटे ना. ह.
730
_a
भुरळ
942
_c
BOOK
999
_c
287554
_d
287554